000 00420nam a2200133Ia 4500
008 220217s9999||||xx |||||||||||||| ||und||
020 _a978-81-203-1470-2
082 _a005.12 SHA
100 _aShaw, Mary and Garlan, David
245 0 _aSoftware architecture perspective on an wmwrging discipline
260 _aPrentice hall of india private Ltd.
_bNew Delhi
_c2008
300 _b225
650 _aSOFTWARE DESIGN
999 _c178376
_d178376